Othello / (Record no. 1056)

000 -LEADER
fixed length control field 01500nam a22004097a 4500
001 - CONTROL NUMBER
control field 934672
003 - CONTROL NUMBER IDENTIFIER
control field OSt
005 - DATE AND TIME OF LATEST TRANSACTION
control field 20210426122506.0
008 - FIXED-LENGTH DATA ELEMENTS--GENERAL INFORMATION
fixed length control field 831027s1984 enka b 000 0 eng
010 ## - LIBRARY OF CONGRESS CONTROL NUMBER
LC control number 83023195
020 ## - INTERNATIONAL STANDARD BOOK NUMBER
International Standard Book Number 0521223393
020 ## - INTERNATIONAL STANDARD BOOK NUMBER
International Standard Book Number 0521294541 (pbk.)
040 ## - CATALOGING SOURCE
Original cataloging agency DLC
Transcribing agency DLC
Modifying agency DLC
Language of cataloging eng
041 ## - LANGUAGE CODE
Language code of text/sound track or separate title eng
050 00 - LIBRARY OF CONGRESS CALL NUMBER
Classification number PR2829.A2
Item number S26 1984
080 ## - UNIVERSAL DECIMAL CLASSIFICATION NUMBER
Universal Decimal Classification number 821.111
Item number S-53
082 00 - DEWEY DECIMAL CLASSIFICATION NUMBER
Classification number 822.3/3
Edition number 19
100 1# - MAIN ENTRY--PERSONAL NAME
Personal name Shakespeare, William,
Dates associated with a name 1564-1616.
245 10 - TITLE STATEMENT
Title Othello /
Statement of responsibility, etc. edited by Norman Sanders.
Remainder of title / by: Cambridge University Press
260 ## - PUBLICATION, DISTRIBUTION, ETC.
Place of publication, distribution, etc. Cambridge [Cambridgeshire] ;
-- New York
Name of publisher, distributor, etc. Cambridge University Press
Date of publication, distribution, etc. 1984.
300 ## - PHYSICAL DESCRIPTION
Extent xiii, 209 p.
Other physical details ill.
Dimensions 24 cm.
490 1# - SERIES STATEMENT
Series statement The New Cambridge Shakespeare
504 ## - BIBLIOGRAPHY, ETC. NOTE
Bibliography, etc. note Bibliography: p. 208-209.
600 00 - SUBJECT ADDED ENTRY--PERSONAL NAME
Personal name Othello
Titles and other words associated with a name (Fictitious character from Shakespeare)
Form subdivision Drama.
650 #0 - SUBJECT ADDED ENTRY--TOPICAL TERM
Topical term or geographic name entry element Muslims
Form subdivision Drama.
650 #0 - SUBJECT ADDED ENTRY--TOPICAL TERM
Topical term or geographic name entry element English literature
9 (RLIN) 254
650 #0 - SUBJECT ADDED ENTRY--TOPICAL TERM
Topical term or geographic name entry element Jealousy
Form subdivision Drama.
651 #0 - SUBJECT ADDED ENTRY--GEOGRAPHIC NAME
Geographic name Venice (Italy)
Form subdivision Drama.
653 ## - INDEX TERM--UNCONTROLLED
Uncontrolled term ინგლისური ლიტერატურა
655 #7 - INDEX TERM--GENRE/FORM
Genre/form data or focus term Tragedies.
Source of term gsafd
700 1# - ADDED ENTRY--PERSONAL NAME
Personal name Sanders, Norman
Fuller form of name (Norman J.)
800 1# - SERIES ADDED ENTRY--PERSONAL NAME
Personal name Shakespeare, William,
Dates associated with a name 1564-1616.
Title of a work Works.
Date of a work 1984.
Version Cambridge University Press.
856 42 - ELECTRONIC LOCATION AND ACCESS
Materials specified Publisher description
Uniform Resource Identifier <a href="http://www.loc.gov/catdir/description/cam022/83023195.html">http://www.loc.gov/catdir/description/cam022/83023195.html</a>
856 41 - ELECTRONIC LOCATION AND ACCESS
Materials specified Table of contents
Uniform Resource Identifier <a href="http://www.loc.gov/catdir/toc/cam024/83023195.html">http://www.loc.gov/catdir/toc/cam024/83023195.html</a>
906 ## - LOCAL DATA ELEMENT F, LDF (RLIN)
a 7
b cbc
c orignew
d 1
e ocip
f 19
g y-gencatlg
942 ## - ADDED ENTRY ELEMENTS (KOHA)
Source of classification or shelving scheme
Koha item type Books
Holdings
Withdrawn status Lost status Source of classification or shelving scheme Damaged status Not for loan Permanent location Current location Date acquired Inventory number Total Checkouts Full call number Barcode Date last seen Price effective from Koha item type
          Ken Walker International University Ken Walker International University 02/01/2021 2539   821.111 S-53 2539 02/01/2021 02/01/2021 Books

Powered by Koha